000 00626cam a22002053a 4500
001 35063
003 PGUSA
005 20140828083745.0
008 110125s2011||||xxu|||||s|||||000 | eng d
040 _aPGUSA
_beng
042 _adc
100 1 _aBrawley, Benjamin Griffith,
_d1882-1939
245 1 4 _aThe Negro in Literature and Art in the United States
_h[electronic resource] /
_cBenjamin Griffith Brawley
260 _bProject Gutenberg,
_c2011
506 _aPublic domain in the USA.
516 _aElectronic text
830 0 _aProject Gutenberg
_v35063
856 4 0 _uhttp://www.gutenberg.org/ebooks/35063
942 _cEB
999 _c264318
_d264318